00531nam a2200157Ia 4500008004100000041001200041082001600053100001700069245003400086260003700120300000900157650001500166942000700181999001500188952017000203221030s9999 xx 000 0 und d aEnglish a105.23bSal aS. N. Saluja 0aEngineering Applied Mechanics bSatya PrakashanaNew Delhic1995 a1106 aMechanical cBK c1418d1418 pBE 242g125.00l0o105.23 Salr2024-06-13 00:00:00w2022-10-30yBK003Print4070aMIETLIBbMIETLIBcBL-Academic Block- A, FL-1, CUP-5, SH-1, R-1d1998-12-2410HBE